Statistics for March 30th: Birthdays

Click here to take the quiz!

General Stats

  • This quiz has been taken 7 times
  • The average score is 4 of 12

Answer Stats

YearClueAnswer% Correct
1968Sang My Heart Will Go OnCeline Dion
86%
1853Painted the Starry NightVincent van Gogh
71%
1945Wrote Tears in HeavenEric Clapton
57%
1811Invented the Bunsen BurnerRobert Bunsen
57%
1979Made Come Away With MeNorah Jones
43%
1988NFL Conerback for the 49ersRichard Sherman
43%
1950Actor in the Harry Potter filmsRobbie Coltrane
14%
1937Actor in Dick and TracyWarren Beaty
14%
1926Founder of IKEAIngvar Kamprad
0%
1940NBA Center, Olympic goldJerry Lucas
0%
1649Politician and StatesmanJohn Trenchard
0%
1432Conquered ConstantinopleMehmed the Conquerer
0%

Score Distribution

Percentile by Number Answered

Percent of People with Each Score

Your Score History

You have not taken this quiz